书目信息 |
| 题名: |
叶君健童话故事集
|
|
| 作者: | 叶君健 著 | |
| 分册: | ||
| 出版信息: | 杭州 浙江文艺出版社 1998.2 |
|
| 页数: | 359页 | |
| 开本: | 32开 | |
| 丛书名: | 叶君健文集 | |
| 单 册: | ||
| 中图分类: | I286.7 | |
| 科图分类: | ||
| 主题词: | 儿童文学--中国 , 儿童文学--中国--丛书 | |
| 电子资源: | ||
| ISBN: | 7-5339-1036-2 | |
| 000 | 00653nam0 2200229 45 | |
| 001 | 0012051548 | |
| 005 | 20031219104047.9 | |
| 010 | @a7-5339-1036-2@dCNY15.00 | |
| 100 | @a20001205d1998 km y0chiy0120 ea | |
| 101 | 0 | @achi |
| 105 | @a z 000yy | |
| 200 | 1 | @a叶君健童话故事集@AYe Jun Jian Tong Hua Gu Shi Ji@f叶君健著@FYe Jun Jian Zhu |
| 210 | @a杭州@c浙江文艺出版社@d1998.2 | |
| 215 | @a359页@d32开 | |
| 225 | @a叶君健文集@i童话卷 | |
| 410 | @12001 @a叶君健文集 | |
| 606 | 0 | @a儿童文学@y中国 |
| 606 | 0 | @a儿童文学@y中国@x丛书 |
| 690 | @aI286.7@v1 | |
| 701 | 0 | @a叶君健@4著 |
| 801 | @aCN@bTSTC@c20001205 | |
| 905 | @b293745-749@dI286.7@e50@f5 | |
| 叶君健童话故事集/叶君健著.-杭州:浙江文艺出版社,1998.2 |
| 359页;32开.-(叶君健文集.童话卷) |
| ISBN 7-5339-1036-2:CNY15.00 |
| ● |
| 相关链接 |
|
|
|
|
正题名:叶君健童话故事集
索取号:I286.7/50
 
预约/预借
| 序号 | 登录号 | 条形码 | 馆藏地/架位号 | 状态 | 备注 |
| 1 | 0293745 | 002937451 | 第二借阅区/ [索取号:I286.7/50] | 在馆 | |
| 2 | 0293746 | 002937460 | 第二借阅区/ [索取号:I286.7/50] | 在馆 | |
| 3 | 0293747 | 002937479 | 第二借阅区/ [索取号:I286.7/50] | 在馆 | |
| 4 | 0293749 | 002937497 | 第一样本阅览室/ [索取号:I286.7/50] | 在馆 |